000 00500nam a2200169Ia 4500
003 0100
005 20220524080704.0
008 130307s9999 xx 000 0 und d
040 _cARRUPELIB
050 _aHN980.L58 1973
100 _aLloyd, Peter C
_951785
245 _aClasses, crises and coups
_bthemes in the sociology of developing cpountries
_cPeter C. Lloyd
260 _aLondon
_bPaladin
_c1973
300 _a223p. ;
_c23 cm.
650 _bMore, Thomas, st
_951786
942 _2lcc
_cMONOGRAPH
999 _c100520
_d100520